All foreign players Celtic FC - Statistics

General Stats
  • This quiz has been taken 139 times
  • The average score is 76 of 190
Answer Stats
Hint Answer % Correct
Daizen Maeda
83%
Henrik Larsson
82%
Liel Abada
81%
Nir Bitton
79%
Kyogo Furuhashi
78%
Jota
76%
Reo Hatate
76%
Georgios Samaras
74%
Odsonne Édouard
74%
Alistair Johnston
73%
Cameron Carter-Vickers
73%
Shunsuke Nakamura
73%
Moussa Dembélé
70%
Sung-Yueng Ki
70%
Stilian Petrov
68%
Kristoffer Ajer
67%
Artur Boruc
66%
Virgil Van Dijk
66%
Amido Baldé
63%
Bobo Baldé
63%
Hyun-Jun Yang
62%
Hyung-Gyu Oh
61%
Josip Juranović
61%
Paolo Di Canio
61%
Tom Rogić
61%
Emilio Izaguirre
60%
Teemu Pukki
60%
Victor Wanyama
60%
Johan Mjällby
59%
Scott McDonald
59%
Beram Kayal
57%
Dedryck Boyata
57%
Mikael Lustig
57%
Massimo Donati
54%
Yuki Kobayashi
54%
Efe Ambrose
53%
Luis Palma
53%
Rafael Scheidt
53%
Albian Ajeti
52%
Andreas Hinkel
52%
Olivier Ntcham
52%
Stefan Johansen
52%
Tomoki Iwata
52%
Alexandro Bernabei
51%
Jozo Šimunović
51%
Pierre Van Hooijdonk
50%
Timothy Weah
50%
Cadete
49%
Hyeok-Kyu Kwon
49%
Lubomir Moravčík
49%
Maciej Żurawski
49%
Aaron Mooy
48%
Andreas Thom
48%
Diomansy Kamara
48%
Du-Ri Cha
48%
Carl Starfelt
47%
Christian Gamboa
47%
Christopher Jullien
47%
Didier Agathe
47%
Georgios Giakoumakis
47%
Hatem Abd Elhamed
47%
Łukasz Załuska
47%
Marc Crosas
47%
Mark Viduka
47%
Efraín Juárez
46%
Koki Mizuno
46%
Mubarak Wakaso
46%
Ramon Vega
46%
Vasilis Barkas
46%
Yosuke Ideguchi
46%
Jan Vennegoor Of Hesselink
44%
Joos Valgaeren
44%
Mo Camara
44%
Bobby Petta
43%
Derk Boerrigter
43%
Diego Laxalt
43%
Henri Camara
43%
Marian Shved
43%
Nadir Çiftçi
43%
Chris Killen
42%
Jeremie Frimpong
42%
Jiří Jarošík
42%
Paulo Bernardo
42%
Thomas Gravesen
42%
Zhi Zheng
42%
Eyal Berkovic
41%
Jason Denayer
41%
John Guidetti
41%
Maik Nawrocki
41%
Stefan Šćepović
41%
Ismaili Soro
40%
Morten Wieghorst
40%
Sead Hakšabanović
40%
Vidar Riseth
40%
Aleksandar Tonev
39%
Daniel Arzani
39%
Eboue Kouassi
39%
Moritz Bauer
39%
Oliver Abildgaard
39%
Wei Du
39%
Enrico Annoni
38%
Kolo Touré
38%
Patryk Klimala
38%
Freddie Ljungberg
37%
Mohamed Elyounoussi
37%
Rami Gershon
37%
Stéphane Mahé
37%
Filip Twardzik
36%
Gustaf Lagerbielke
36%
Landry N'Guémo
36%
Odin Holm
36%
Patrik Twardzik
36%
Rudi Vata
36%
Stanislav Varga
36%
Vakoun Bayo
36%
David Fernández
34%
Erik Sviatchenko
34%
Filip Benković
34%
Paweł Brożek
34%
Saidy Janko
34%
Daniel Majstorović
33%
Harald Brattbakk
33%
Magnus Hedman
33%
Marco Tilio
33%
Dariusz Wdowczyk
32%
Glenn Loovens
32%
Logan Bailly
32%
Regi Blinker
32%
Juninho Paulista
31%
Mohamed Bangura
31%
Andrew Gutman
30%
Morten 'Duncan' Rasmussen
30%
Thomas Rogne
30%
Ulrik Laursen
30%
Benjamin Siegrist
29%
Colin Kâzim-Richards
29%
Dmitriy Kharin
29%
Dorus De Vries
29%
Jeremy Toljan
29%
Marc-Antoine Fortuné
29%
Sánchez Broto
29%
Dariusz Dziekanowski
28%
Manny Pérez
28%
Marvin Compper
28%
Olivier Tebily
28%
Badr El-Kaddouri
27%
Bahrudin Atajić
27%
Jackson Irvine
27%
Jérémie Aliadiére
27%
Jos Hooiveld
27%
Momo Sylla
27%
Moritz Jenz
27%
Stéphane Henchoz
27%
Evander Sno
26%
Marc Rieper
26%
Milan Mišůn
24%
Charly Musonda
23%
Edson Braafheid
23%
Michael McGlinchey
23%
Youssuf Mulumbu
23%
Jóhannes Eðvaldsson
22%
Jo Inge Berget
22%
Boli Bolingoli-Mbombo
21%
Gil Heron
21%
Lassad Nouioui
21%
Cameron Harper
20%
Kjartan Finnbogason
20%
Leonardo Fasan
20%
Theodór Elmar Bjarnason
20%
Bent Martin
19%
Dominic Cervi
19%
Hólmbert Friðjónsson
19%
Steven Mouyokolo
19%
Tony Warner
18%
Leo Hjelde
17%
Fernando De Ornelas
16%
Ibrahim Rabiu
16%
James Kennaway
16%
Jean Perrier
16%
Danny Milošević
12%
Rolando Ugolini
12%
Viktor Noring
12%
Ľuboš Kamenár
11%
StéphaneBonnes
11%
Miku Fedor
10%
Harry Callachan
4%
Nick Feely
4%
Olivier Kako
4%
Leif Nielsen
3%
Michael Herbet
2%
No matching quizzes found
Score Distribution
Percent of People with Each Score
Percentile by Number Answered
Your Score History
You have not taken this quiz